[Event "Le Roi des Fous"]
[Site "SchemingMind.com"]
[Date "2006.05.09"]
[Round "-"]
[White "Chess Tiger"]
[Black "C. H. O'D. Schlechter"]
[Result "1/2-1/2"]
[WhiteCountry "GER"]
[BlackCountry "USA"]
[WhiteElo "2274"]
[WhiteRD "78"]
[BlackElo "2264"]
[BlackRD "72"]
[GameID "50107"]

1. d4 d5 2. Nf3 Nf6 3. e3 e6 4. b3 c5 5. Bb2 Nc6 6. Bd3 Bd6 7. O-O O-O 8. c4 b6 9. Nc3 Bb7 10. Qe2 dxc4
11. bxc4 cxd4 12. exd4 Rc8 13. a3 Na5 14. Ne5 Nb3 15. Rad1 Nxd4 16. Bxh7+ Nxh7 17. Rxd4 Qg5 18. f4 Qe7 19. Rxd6 Qxd6 20. Nb5 Qe7
21. a4 Rfd8 22. Ba3 Qh4 23. Nd6 Rc7 24. Nb5 Rcc8 25. Nd6 Rc7=
1/2-1/2

[Event "Le Roi des Fous"]
[Site "SchemingMind.com"]
[Date "2006.05.09"]
[Round "-"]
[White "C. H. O'D. Schlechter"]
[Black "Chess Tiger"]
[Result "1-0"]
[WhiteCountry "USA"]
[BlackCountry "GER"]
[WhiteElo "2310"]
[WhiteRD "68"]
[BlackElo "2300"]
[BlackRD "69"]
[GameID "50108"]

1. f4 d5 2. Nf3 c6 3. e3 Bg4 4. Be2 Bxf3 5. Bxf3 Qc7 6. O-O Nd7 7. c4 dxc4 8. Na3 e5 9. Nxc4 exf4 10. d4 Nb6
11. Qb3 Nxc4 12. Qxc4 O-O-O 13. b4 Nf6 14. e4 Kb8 15. Rb1 g5 16. b5 c5 17. b6 axb6 18. d5 Nd7 19. Bb2 Rg8 20. e5 Nxe5
21. Bxe5 Qxe5 22. Rxb6 Rd6 23. Rxb7+ Kxb7 24. Rb1+ Rb6 25. d6+ Kc8 26. Rxb6 Bxd6 27. h3 Rf8 28. Kf1 Kd8 29. Rb1 Qe6 30. Qb5 Rg8
31. Re1 Qc8 32. Qa5+ Qc7 33. Qa8+ Qb8 34. Qd5 h6 35. Qxf7 Rf8 36. Qg6 Qb5+ 37. Kg1 Kc7 38. Rb1
1-0

[Event "Le Roi des Fous"]
[Site "SchemingMind.com"]
[Date "2006.05.10"]
[Round "-"]
[White "dmichael"]
[Black "C. H. O'D. Schlechter"]
[Result "1/2-1/2"]
[WhiteCountry "USA"]
[BlackCountry "USA"]
[WhiteElo "2270"]
[WhiteRD "82"]
[BlackElo "2264"]
[BlackRD "72"]
[GameID "50160"]

1. d4 d5 2. c4 dxc4 3. Nf3 Nf6 4. e3 e6 5. Bxc4 c5 6. O-O a6 7. dxc5 Qxd1 8. Rxd1 Bxc5 9. Nbd2 O-O 10. Be2 Rd8
11. b3 b6 12. Bb2 Bb7 13. Rac1 Nbd7 14. Nc4 Rac8 15. Kf1 Bd5 16. Nce5 Nxe5 17. Nxe5 b5 18. Bf3 Bf8 19. Bxd5 Nxd5 20. Ke2 Rxc1
21. Rxc1 f6 22. Nc6 Rd7 23. Nb8 Rd6 24. Ba3 Rd8 25. Bxf8 Rxb8 26. Bd6 Rb6 27. Rc8+ Kf7 28. Bc5 Rb7 29. f4 Rd7 30. Kf3 Nc3
31. Rf8+ Kg6 32. Ra8 Rd5 33. b4 e5 34. Rxa6 e4+ 35. Kg3 Rd2 36. a3 Ne2+ 37. Kh3 Ng1+ 38. Kg3 Ne2+ 39. Kh3 Ng1+ 40. Kg3 Ne2+
41. Kh3=
1/2-1/2

[Event "Le Roi des Fous"]
[Site "SchemingMind.com"]
[Date "2006.05.10"]
[Round "-"]
[White "dmichael"]
[Black "Chess Tiger"]
[Result "1/2-1/2"]
[WhiteCountry "USA"]
[BlackCountry "GER"]
[WhiteElo "2289"]
[WhiteRD "82"]
[BlackElo "2300"]
[BlackRD "75"]
[GameID "50161"]

1. d4 d5 2. c4 dxc4 3. Nf3 Nf6 4. e3 e6 5. Bxc4 c5 6. O-O a6 7. dxc5 Qxd1 8. Rxd1 Bxc5 9. Nbd2 O-O 10. Be2 Rd8
11. b3 b6 12. Bb2 Bb7 13. Rac1 Nbd7 14. Nc4 Rac8 15. Kf1 Bd5 16. Nce5 Nxe5 17. Nxe5 b5 18. a4 Bd6 19. axb5 Rxc1 20. Rxc1 axb5
21. Bxb5 Bxb3 22. Bd4 Nd5 23. Nc6 Ra8 24. Be5 Bxe5 25. Nxe5 f6 26. Nf3 Rb8 27. Be2 Ba2 28. Nd4 Kf7 29. g3 Rb1 30. Rxb1 Bxb1
31. Bc4 Ke7=
1/2-1/2

[Event "Le Roi des Fous"]
[Site "SchemingMind.com"]
[Date "2006.05.10"]
[Round "-"]
[White "C. H. O'D. Schlechter"]
[Black "dmichael"]
[Result "1/2-1/2"]
[WhiteCountry "USA"]
[BlackCountry "USA"]
[WhiteElo "2299"]
[WhiteRD "70"]
[BlackElo "2255"]
[BlackRD "77"]
[GameID "50162"]

1. d4 d5 2. c4 e6 3. Nc3 c6 4. e3 Nf6 5. Nf3 Nbd7 6. Qc2 Bd6 7. g4 dxc4 8. Bxc4 Qe7 9. e4 e5 10. g5 Nh5
11. Be3 exd4 12. Nxd4 Nb6 13. Bb3 Bf4 14. Rg1 Bxe3 15. fxe3 c5 16. Nf3 O-O 17. O-O-O Re8 18. Qe2 Be6 19. Bxe6 Qxe6 20. Ne1 Qg6
21. Rg4 Qe6 22. Rg2 Qh3 23. Nf3 g6 24. Rf2 Qe6 25. Qd3 a6 26. b3 c4 27. Qd6 cxb3 28. Qxe6 Rxe6 29. axb3 f6 30. Rfd2 Kg7
31. Rd6 Rae8 32. h4 h6 33. Kc2 hxg5 34. hxg5 fxg5 35. Rxe6 Rxe6 36. Nxg5 Re5 37. Nf3 Rc5 38. e5 Ng3 39. Kb2 g5 40. Rd4 Nf5
41. Rg4 Nxe3 42. Rxg5+ Kf8 43. Ne4 Nd1+ 44. Kb1 Nc3+ 45. Nxc3 Rxc3 46. Nd4=
1/2-1/2

[Event "Le Roi des Fous"]
[Site "SchemingMind.com"]
[Date "2006.05.10"]
[Round "-"]
[White "Chess Tiger"]
[Black "dmichael"]
[Result "1/2-1/2"]
[WhiteCountry "GER"]
[BlackCountry "USA"]
[WhiteElo "2300"]
[WhiteRD "69"]
[BlackElo "2256"]
[BlackRD "81"]
[GameID "50163"]

1. d4 d5 2. Nf3 Nf6 3. e3 g6 4. Bd3 Bg7 5. Nbd2 O-O 6. b3 c5 7. Bb2 Nc6 8. O-O cxd4 9. Nxd4 Bg4 10. N2f3 Nxd4
11. exd4 Ne4 12. Re1 Ng5 13. Be2 Nxf3+ 14. Bxf3 Bxf3 15. Qxf3 Rc8 16. c3 e6 17. g3 Qf6 18. Qd3 Rc6 19. Bc1 Rfc8 20. Bd2 h5
21. Kg2 Bf8 22. a4 Bd6 23. h4 Qf5 24. Qxf5 gxf5 25. Kf3 Kg7 26. a5 Kg6 27. Ra4 Bf8 28. Ke2 Bh6 29. f4 Bg7 30. Kd3 Rd6
31. Rb1 Bf6 32. Be3 Rcd8 33. b4 Be7 34. Rb3 R6d7 35. b5 Rg8 36. a6 Kf6 37. axb7 Rxb7 38. Bf2 Rgb8 39. Ra6 Rxb5 40. Rxb5 Rxb5
41. Rxa7 Rb2 42. Be1 Rb1 43. Bf2 Bd6 44. Ra6 Bf8 45. Ra8 Kg7 46. Be3 Rb2 47. Ra1 Rg2 48. Rg1 Rxg1=
1/2-1/2

[Event "Le Roi des Fous"]
[Site "SchemingMind.com"]
[Date "2006.05.12"]
[Round "-"]
[White "Erhaem"]
[Black "dmichael"]
[Result "1/2-1/2"]
[WhiteCountry "NED"]
[BlackCountry "USA"]
[WhiteElo "2072"]
[WhiteRD "63"]
[BlackElo "2256"]
[BlackRD "81"]
[GameID "50617"]

1. d4 Nf6 2. Nf3 d5 3. Bg5 g6 4. Bxf6 exf6 5. e3 c6 6. Bd3 Qb6 7. Qc1 Na6 8. O-O Nb4 9. Nc3 Nxd3 10. cxd3 Bg4
11. Qc2 Bxf3 12. gxf3 Bd6 13. Rac1 O-O 14. Kg2 f5 15. f4 Qd8 16. Qb3 Rb8 17. Qd1 Qh4 18. Qf3 Qg4+ 19. Qxg4 fxg4 20. f3 Rbe8
21. Rce1 gxf3+ 22. Kxf3 f5 23. h4 Kg7 24. Rg1 Kh6 25. Re2 Be7 26. Rh2 Bd8 27. Ne2 Re6 28. Ng3 Kg7 29. Nf1 h5 30. Nd2 Rfe8
31. Re1 Bf6 32. Nb3 b6 33. Ree2 a5 34. a4 Kf7 35. Rh1 Ke7 36. Reh2 Kd7 37. Re2 Kd6 38. Rhh2 Bg7 39. Rhg2= Kc7 40. Rg1 Kd7
41. Ree1 Bf8 42. Re2 Be7 43. Rh1 Bd6 44. Rf1 Bb4 45. Kf2=
1/2-1/2

[Event "Le Roi des Fous"]
[Site "SchemingMind.com"]
[Date "2006.05.12"]
[Round "-"]
[White "Erhaem"]
[Black "C. H. O'D. Schlechter"]
[Result "1/2-1/2"]
[WhiteCountry "NED"]
[BlackCountry "USA"]
[WhiteElo "2072"]
[WhiteRD "63"]
[BlackElo "2310"]
[BlackRD "68"]
[GameID "50618"]

1. d4 d5 2. Nf3 Nf6 3. Bg5 Ne4 4. Bf4 c5 5. e3 Qb6 6. Qc1 cxd4 7. exd4 Nc6 8. c3 Bf5 9. Be2 Rc8 10. O-O e6
11. Nbd2 Be7 12. Nxe4 Bxe4 13. Qd2 O-O 14. h3 f6 15. Rae1 Rfe8 16. h4 e5 17. dxe5 fxe5 18. Bg3 Rcd8 19. Ng5 Bxg5 20. hxg5 Bg6
21. Bf3 e4 22. Be2 Ne5 23. Bf4 Nc4 24. Bxc4 dxc4 25. Qe3 Qa5 26. a3 Rd3 27. Qe2 Qf5 28. Be3 b6 29. Rd1 Red8 30. Rde1 R8d6
31. f3 exf3 32. Rxf3= Qc8 33. Qf2 Rd1 34. Bd4 Rxe1+=
1/2-1/2

[Event "Le Roi des Fous"]
[Site "SchemingMind.com"]
[Date "2006.05.12"]
[Round "-"]
[White "Erhaem"]
[Black "Chess Tiger"]
[Result "1/2-1/2"]
[WhiteCountry "NED"]
[BlackCountry "GER"]
[WhiteElo "2061"]
[WhiteRD "62"]
[BlackElo "2301"]
[BlackRD "74"]
[GameID "50619"]

1. d4 d5 2. Nf3 Nf6 3. Bg5 Ne4 4. Bf4 c5 5. e3 Qb6 6. Qc1 Nc6 7. c3 Bf5 8. Nbd2 e6 9. Nxe4 Bxe4 10. Be2 Be7
11. O-O O-O 12. dxc5 Bxc5 13. b4 Be7 14. a4 Rac8 15. Qd2 Bf6 16. a5 Qd8 17. a6 b6 18. Rac1 e5 19. Bg3 Qe7 20. Rcd1 Rfd8
21. Qe1 h5 22. h4 g6 23. Ng5 Bf5 24. f4 exf4 25. Bxf4 Ne5 26. Qd2 Nc4 27. Qc1 b5 28. Rf2 Nb6 29. Bxb5 Rxc3 30. Qd2 Qxb4
31. Bc7 Rc8 32. Bxb6 Qxb5 33. Bxa7 Qxa6 34. Bd4 Rc2 35. Qe1 Be7 36. Ra1 Qxa1 37. Qxa1 Rc1+ 38. Qxc1 Rxc1+ 39. Rf1 Rxf1+ 40. Kxf1 f6
41. Nf3 Kf7 42. Kf2 Be4 43. Bc3 Ke6 44. Nd4+ Kd7 45. g3 Bd6 46. Ba1 g5 47. Bc3 Bc5 48. Be1 Be7 49. Bd2 Bd3 50. Bc3 Be4
51. Bd2 Bd8=
1/2-1/2

[Event "Le Roi des Fous"]
[Site "SchemingMind.com"]
[Date "2006.05.13"]
[Round "-"]
[White "dmichael"]
[Black "Erhaem"]
[Result "1-0"]
[WhiteCountry "USA"]
[BlackCountry "NED"]
[WhiteElo "2287"]
[WhiteRD "85"]
[BlackElo "2013"]
[BlackRD "61"]
[GameID "50620"]

1. d4 Nc6 2. d5 Ne5 3. e4 e6 4. dxe6 dxe6 5. Qxd8+ Kxd8 6. f4 Nc6 7. Nf3 Nf6 8. Bd3 Bc5 9. Nc3 Bd7 10. Na4 Be7
11. a3 Rf8 12. Nc3 Kc8 13. h3 a5 14. Be3 a4 15. O-O-O h6 16. g4 Rd8 17. Bb5 Nb8 18. Be2 Nc6 19. e5 Na7 20. exf6
1-0

[Event "Le Roi des Fous"]
[Site "SchemingMind.com"]
[Date "2006.05.13"]
[Round "-"]
[White "C. H. O'D. Schlechter"]
[Black "Erhaem"]
[Result "1-0"]
[WhiteCountry "USA"]
[BlackCountry "NED"]
[WhiteElo "2316"]
[WhiteRD "73"]
[BlackElo "2013"]
[BlackRD "61"]
[GameID "50621"]

1. e4 e5 2. Nf3 Nc6 3. d4 exd4 4. Nxd4 Bc5 5. Be3 Qf6 6. c3 Nge7 7. Bc4 O-O 8. O-O Bb6 9. Bb3 d6 10. Kh1 Be6
11. Nxe6 fxe6 12. Bxb6 axb6 13. Na3 Qg6 14. f4 Kh8 15. Nb5 Rac8 16. Qe2 Qh6 17. a4 Rf6 18. Rad1 Na5 19. g4 Rff8= 20. Ba2 d5
21. f5 c6 22. exd5 cxb5 23. d6 Ng8 24. fxe6 Rxf1+ 25. Rxf1 bxa4 26. e7 Qxd6 27. e8=Q Rxe8 28. Qxe8 Qc6+ 29. Qxc6 Nxc6 30. Rf8 Ne7
31. Rb8
1-0

[Event "Le Roi des Fous"]
[Site "SchemingMind.com"]
[Date "2006.05.13"]
[Round "-"]
[White "Chess Tiger"]
[Black "Erhaem"]
[Result "1-0"]
[WhiteCountry "GER"]
[BlackCountry "NED"]
[WhiteElo "2296"]
[WhiteRD "78"]
[BlackElo "2013"]
[BlackRD "61"]
[GameID "50622"]

1. e4 e5 2. Nf3 Nc6 3. Bb5 a6 4. Ba4 Nf6 5. d3 d6 6. c3 Be7 7. Nbd2 O-O 8. Nf1 b5 9. Bc2 d5 10. Qe2 Re8
11. Ng3 dxe4 12. dxe4 Be6 13. Bb3 Bxb3 14. axb3 Qd7 15. O-O Red8 16. Be3 Qg4 17. h3 Qe6 18. b4 Ne8 19. Nf5 Nd6 20. Nxd6 Qxd6
21. Rfd1 Qg6 22. Rxd8+ Rxd8 23. Qc2 Ra8 24. g3 Rd8 25. Kg2 Kf8= 26. b3 Kg8 27. Qb1 Ra8 28. c4 Bd6 29. cxb5 Nxb4 30. bxa6 Rxa6
31. Rxa6 Nxa6 32. Qa1 Nb8 33. Qa8 c6 34. Ba7 Qe6 35. Nd2 Qc8 36. Nc4 Bc7 37. b4 f6 38. Bxb8 Bxb8 39. Na5 Qf8 40. Nxc6 Bd6
41. Qa6 Kf7 42. Qc4+ Kg6 43. b5 Bc5 44. Qe6 Qd6 45. Qe8+ Kh6 46. Nd8 Qd4 47. Nf7+ Kh5 48. Nxe5+ g6 49. Ng4 f5 50. exf5 Qg7
51. f6
1-0

[Event "Le Roi des Fous"]
[Site "SchemingMind.com"]
[Date "2006.05.22"]
[Round "-"]
[White "chesshub"]
[Black "dmichael"]
[Result "1-0"]
[WhiteCountry "FRA"]
[BlackCountry "USA"]
[WhiteElo "2337"]
[WhiteRD "84"]
[BlackElo "2256"]
[BlackRD "81"]
[GameID "51912"]

1. d4 e6 2. e4 d5 3. Nc3 Nf6 4. Bg5 dxe4 5. Nxe4 Nbd7 6. Nf3 h6 7. Nxf6+ Nxf6 8. Be3 Nd5 9. Qd2 Bd6 10. Bd3 Bd7
11. O-O Nxe3 12. fxe3 c5 13. c4 Bc6 14. d5 exd5 15. cxd5 Bxd5 16. Bb5+ Ke7 17. Rad1 Be6 18. Qc3 Qb6 19. Nh4 Rhg8 20. Bc4 Rad8
21. Bxe6 fxe6 22. e4 g5 23. Qf6+ Kd7 24. e5
1-0

[Event "Le Roi des Fous"]
[Site "SchemingMind.com"]
[Date "2006.05.22"]
[Round "-"]
[White "chesshub"]
[Black "C. H. O'D. Schlechter"]
[Result "1/2-1/2"]
[WhiteCountry "FRA"]
[BlackCountry "USA"]
[WhiteElo "2323"]
[WhiteRD "81"]
[BlackElo "2309"]
[BlackRD "71"]
[GameID "51913"]

1. e4 e5 2. Nf3 Nc6 3. Bb5 Nd4 4. Nxd4 exd4 5. O-O Bc5 6. d3 c6 7. Ba4 d6 8. Nd2 Ne7 9. f4 f5 10. Qh5+ g6
11. Qh4 fxe4 12. Nxe4 Nf5 13. Qe1 Qe7 14. g4 Ne3 15. Bxe3 dxe3 16. Nxc5 dxc5 17. Rf3 e2 18. Qg3 Kd8 19. Re3 Qd6 20. Re1 h5
21. gxh5 Rxh5 22. R3xe2 Kc7 23. Re8 Qd4+ 24. Kh1 Qd5+ 25. Qg2 Qd6 26. Qf2 Qd5+ 27. Qg2 Qd6 28. Qf2 Qd5+=
1/2-1/2

[Event "Le Roi des Fous"]
[Site "SchemingMind.com"]
[Date "2006.05.22"]
[Round "-"]
[White "chesshub"]
[Black "Chess Tiger"]
[Result "1/2-1/2"]
[WhiteCountry "FRA"]
[BlackCountry "GER"]
[WhiteElo "2338"]
[WhiteRD "72"]
[BlackElo "2346"]
[BlackRD "65"]
[GameID "51914"]

1. e4 e5 2. Nf3 Nc6 3. Bb5 a6 4. Ba4 Nf6 5. O-O Nxe4 6. d4 b5 7. Bb3 d5 8. dxe5 Be6 9. Nbd2 Nc5 10. c3 d4
11. Bxe6 Nxe6 12. cxd4 Ncxd4 13. Ne4 Be7 14. Be3 Qd5 15. Nxd4 Qxe4 16. Nxe6 fxe6 17. Re1 Rd8 18. Qh5+ g6 19. Qh3 Qxe5 20. Bh6 Qf5
21. Qc3 Qf6 22. Qxc7 Kf7 23. Re3 Rd5 24. h4 Re8 25. Bg5 Qd4 26. Rae1 Rd7 27. Qc6 Bxg5 28. hxg5 Qd6 29. Qf3+ Kg8 30. Qe2 Qd2
31. Rxe6 Rxe6 32. Qxe6+ Rf7 33. Rf1 Qxb2 34. Qxa6 Qe5 35. Qc8+ Rf8 36. Qc1 Qf4 37. Qxf4 Rxf4 38. f3 Ra4 39. Rf2 Kg7 40. Rd2 h5
41. g3 Kf7 42. f4 Rc4 43. Kg2 b4 44. Kh3 Ke7 45. Re2+ Kf7 46. Rf2 Rc3 47. Rb2 Rc4 48. Rb1 Ke6 49. Re1+ Kf7 50. Rd1 Ke7
51. Rd5=
1/2-1/2

[Event "Le Roi des Fous"]
[Site "SchemingMind.com"]
[Date "2006.05.22"]
[Round "-"]
[White "chesshub"]
[Black "Erhaem"]
[Result "1-0"]
[WhiteCountry "FRA"]
[BlackCountry "NED"]
[WhiteElo "2332"]
[WhiteRD "83"]
[BlackElo "2087"]
[BlackRD "65"]
[GameID "51915"]

1. e4 e5 2. Nf3 Nc6 3. Bb5 a6 4. Ba4 Nf6 5. O-O Be7 6. Re1 b5 7. Bb3 O-O 8. c3 d5 9. exd5 Nxd5 10. Nxe5 Nxe5
11. Rxe5 c6 12. d4 Bd6 13. Re1 Qh4 14. g3 Qh3 15. Re4 g5 16. Qf3 Bf5 17. Nd2 Rae8 18. Bxd5 cxd5 19. Re3 Rxe3 20. Qxe3 h6
21. Nf1 Bg4 22. f3 Be6 23. Qf2 f5 24. f4 Qg4 25. Bd2 gxf4 26. Bxf4 Bxf4 27. Qxf4 Qxf4 28. gxf4 Kf7 29. a4 Rg8+ 30. Kf2 Rg4
31. Kf3 Rg1 32. axb5 axb5 33. h3 Bd7 34. Kf2 Rg6 35. Nd2 Re6 36. Nf3 Be8 37. Ne5+ Kf6 38. Ra7 Rd6 39. Rh7 h5 40. Kg3 Rd8
41. Rh6+ Ke7 42. Nd3 Rd6 43. Rxd6 Kxd6 44. Kh4 Ke6 45. Kg5 h4 46. b4
1-0

[Event "Le Roi des Fous"]
[Site "SchemingMind.com"]
[Date "2006.05.23"]
[Round "-"]
[White "dmichael"]
[Black "chesshub"]
[Result "0-1"]
[WhiteCountry "USA"]
[BlackCountry "FRA"]
[WhiteElo "2276"]
[WhiteRD "78"]
[BlackElo "2338"]
[BlackRD "72"]
[GameID "51916"]

1. d4 Nf6 2. c4 e6 3. g3 d5 4. Nf3 dxc4 5. Bg2 c5 6. O-O Nc6 7. Ne5 Bd7 8. Na3 cxd4 9. Naxc4 Bc5 10. Qb3 O-O
11. Qxb7 Nxe5 12. Nxe5 Rb8 13. Qf3 Nd5 14. Nxd7 Qxd7 15. b3 Bb4 16. a3 Bc3 17. Rb1 Rbd8 18. b4 e5 19. Qd3 Qe6 20. Bg5 f6
21. Bc1 f5 22. e4 fxe4 23. Bxe4 Nf6 24. Bf5 Qd5 25. f3 g6 26. Bh3 Kg7 27. Qa6 d3 28. Be3 d2 29. Qxa7+ Rf7 30. Bh6+ Kh8
31. Qa5 Qd4+ 32. Kh1 e4 33. fxe4 Qxe4+ 34. Bg2 Qd3 35. Rbd1 Re8 36. Qa4 Re1 37. Bxd2 Rxd1 38. Qxd1 Qxd2 39. Qxd2 Bxd2 40. Rf2 Bc3
41. Bc6 Ra7 42. a4 Ra6 43. b5 Rxa4 44. b6 Rb4 45. b7 Be5 46. Kg2 Kg7 47. Re2 Bb8 48. Ra2 Kf7
0-1

[Event "Le Roi des Fous"]
[Site "SchemingMind.com"]
[Date "2006.05.22"]
[Round "-"]
[White "C. H. O'D. Schlechter"]
[Black "chesshub"]
[Result "1-0"]
[WhiteCountry "USA"]
[BlackCountry "FRA"]
[WhiteElo "2320"]
[WhiteRD "65"]
[BlackElo "2309"]
[BlackRD "77"]
[GameID "51917"]

1. e4 c5 2. Nf3 d6 3. Bb5+ Bd7 4. Bxd7+ Qxd7 5. c4 Nc6 6. Nc3 Nf6 7. d4 cxd4 8. Nxd4 g6 9. f3 Nxd4 10. Qxd4 Bg7
11. Be3 O-O 12. Qd3 Rfc8 13. Rc1 a6 14. O-O Qe8 15. Bd4 Qc6 16. b3 e6 17. Rfd1 Rd8 18. Na4 Nh5 19. Bb6 Rd7 20. Be3 Rdd8
21. c5 Bf8 22. cxd6 Qxd6 23. Qxd6 Rxd6 24. e5 Rxd1+ 25. Rxd1 Rb8 26. Nb6 Be7 27. Rd7 Bf8 28. Nc4 f5 29. g4 b5 30. Nd6 Ng7
31. Bh6 Ra8 32. Kf2 fxg4 33. fxg4 Nh5 34. Bg5 Ng7 35. Ke3 Ne8 36. Bd8 Ng7 37. Kd4 Rb8 38. Kc5 h5 39. Kc6
1-0

[Event "Le Roi des Fous"]
[Site "SchemingMind.com"]
[Date "2006.05.22"]
[Round "-"]
[White "Chess Tiger"]
[Black "chesshub"]
[Result "1/2-1/2"]
[WhiteCountry "GER"]
[BlackCountry "FRA"]
[WhiteElo "2311"]
[WhiteRD "70"]
[BlackElo "2323"]
[BlackRD "81"]
[GameID "51918"]

1. e4 c5 2. Nf3 d6 3. d4 cxd4 4. Nxd4 Nf6 5. Nc3 a6 6. Be3 e5 7. Nb3 Be6 8. f3 Be7 9. Qd2 O-O 10. O-O-O Nbd7
11. g4 b5 12. g5 b4 13. Ne2 Ne8 14. h4 a5 15. Kb1 a4 16. Nbc1 Nb6 17. Ng3 d5 18. Bxb6 Qxb6 19. exd5 Rd8 20. Bc4 Nc7
21. dxe6 Rxd2 22. exf7+ Kh8 23. Rxd2 Qc6 24. b3 axb3 25. axb3 Nb5 26. Bxb5 Qxb5 27. Nf5 Rxf7 28. Nxe7 Rxe7 29. Rd8+ Re8 30. Rxe8+ Qxe8
31. Nd3 Kg8 32. Re1 Qh5 33. Rxe5 Qxh4 34. Rb5 h5 35. gxh6 gxh6 36. Rb8+ Kg7 37. Rb7+ Kg8 38. Rb8+=
1/2-1/2

[Event "Le Roi des Fous"]
[Site "SchemingMind.com"]
[Date "2006.05.23"]
[Round "-"]
[White "Erhaem"]
[Black "chesshub"]
[Result "1/2-1/2"]
[WhiteCountry "NED"]
[BlackCountry "FRA"]
[WhiteElo "2072"]
[WhiteRD "63"]
[BlackElo "2337"]
[BlackRD "84"]
[GameID "51919"]

1. d4 Nf6 2. Nf3 d5 3. Bg5 Ne4 4. Bf4 c5 5. e3 Qb6 6. Qc1 Nc6 7. c3 Bf5 8. Nbd2 e6 9. Be2 Be7 10. O-O O-O
11. Re1 Rac8 12. Nxe4 Bxe4 13. Qd2 f6 14. Rad1 Nd8 15. dxc5 Bxc5 16. Bg3 e5 17. Qc1 Ne6 18. Nd2 Bf5 19. Nb3 Rfd8 20. Rd2 Be7
21. Red1 Nc7 22. Bd3 Bxd3 23. Rxd3 a5 24. Qc2 a4 25. Nc1 Na6 26. R3d2 a3 27. bxa3 Qc6 28. Ne2 b5 29. f4 Bc5 30. Bf2 Nc7
31. e4=
1/2-1/2

[Event "Le Roi des Fous"]
[Site "SchemingMind.com"]
[Date "2006.05.26"]
[Round "-"]
[White "doodledandy"]
[Black "dmichael"]
[Result "1-0"]
[WhiteCountry "CAN"]
[BlackCountry "USA"]
[WhiteElo "2416"]
[WhiteRD "74"]
[BlackElo "2256"]
[BlackRD "81"]
[GameID "52591"]

1. d4 e6 2. c4 c5 3. d5 exd5 4. cxd5 d6 5. Nc3 Nf6 6. e4 g6 7. Nf3 a6 8. Bd3 b5 9. O-O Bg7 10. Bf4 O-O
11. Re1 Re8 12. Qd2 b4 13. Nd1 a5 14. Rc1 Bg4 15. e5 Nh5 16. Bg5 f6 17. exf6 Rxe1+ 18. Nxe1 Bxf6 19. Bxf6 Qxf6 20. Ne3 Bc8
21. Nf3 Nd7 22. Re1 Nb6 23. Nc4 Nxc4 24. Bxc4 Bd7 25. Ng5 Re8 26. Ne6 Qh4 27. Qc2 Ng7 28. Re4 Qf6 29. Qe2 a4 30. g3 a3
31. bxa3 bxa3 32. Qd3 Qb2 33. Re2 Qc1+ 34. Kg2 Kh8 35. g4 Kg8 36. Re4 Qb2 37. Qf3 h6 38. Rf4 Qe5 39. Rf6
1-0

[Event "Le Roi des Fous"]
[Site "SchemingMind.com"]
[Date "2006.05.26"]
[Round "-"]
[White "doodledandy"]
[Black "C. H. O'D. Schlechter"]
[Result "1-0"]
[WhiteCountry "CAN"]
[BlackCountry "USA"]
[WhiteElo "2416"]
[WhiteRD "74"]
[BlackElo "2310"]
[BlackRD "68"]
[GameID "52592"]

1. d4 d5 2. c4 dxc4 3. Nf3 Nf6 4. e3 e6 5. Bxc4 c5 6. O-O a6 7. Bb3 b5 8. a4 b4 9. Nbd2 Bb7 10. Bc2 Nbd7
11. b3 cxd4 12. Nxd4 Be7 13. Bb2 O-O 14. N4f3 Rc8 15. Re1 Nc5 16. Rc1 Nd3 17. Bxd3 Qxd3 18. Ne5 Rxc1 19. Qxc1 Qd5 20. f3 Rd8
21. Ndc4 Ne8 22. Re2 Qd1+ 23. Qxd1 Rxd1+ 24. Kf2 f6 25. Na5 Bd5 26. Nec6 Bc5 27. Rc2 Rb1 28. Ke2 Rg1 29. Kd3 Rd1+ 30. Rd2 Rxd2+
31. Kxd2 e5 32. Kd3 Nc7 33. Bc1 Bb6 34. Bd2 Bxa5 35. Nxa5 g5 36. e4 Bf7 37. Kc2 Ne6 38. Be3 Be8 39. Kd3
1-0

[Event "Le Roi des Fous"]
[Site "SchemingMind.com"]
[Date "2006.05.26"]
[Round "-"]
[White "doodledandy"]
[Black "Chess Tiger"]
[Result "1-0"]
[WhiteCountry "CAN"]
[BlackCountry "GER"]
[WhiteElo "2419"]
[WhiteRD "76"]
[BlackElo "2301"]
[BlackRD "74"]
[GameID "52593"]

1. d4 d5 2. c4 e6 3. Nc3 Nf6 4. cxd5 exd5 5. Bg5 Nbd7 6. e3 c6 7. Bd3 Be7 8. Qc2 O-O 9. Nge2 Re8 10. O-O Nf8
11. f3 Ng6 12. Rae1 h6 13. Bxf6 Bxf6 14. Ng3 Nf8 15. Qf2 a5 16. Re2 a4 17. a3 Ng6 18. Ree1 b5 19. f4 Nf8 20. Rc1 Ra6
21. Rfe1 Rb6 22. Na2 Be7 23. Nb4 Bxb4 24. axb4 Qd6 25. Qd2 Rd8 26. Ra1 Ra6 27. Ra3 Bg4 28. Bc2 Raa8 29. f5 Nh7 30. Rf1 Rac8
31. Rf4 Nf6 32. h3 Bh5 33. Nf1 g5 34. Rf2 g4 35. e4 Nxe4 36. Bxe4 dxe4 37. Ng3 gxh3 38. Nxe4
1-0

[Event "Le Roi des Fous"]
[Site "SchemingMind.com"]
[Date "2006.05.26"]
[Round "-"]
[White "doodledandy"]
[Black "Erhaem"]
[Result "1-0"]
[WhiteCountry "CAN"]
[BlackCountry "NED"]
[WhiteElo "2419"]
[WhiteRD "76"]
[BlackElo "2061"]
[BlackRD "62"]
[GameID "52594"]

1. d4 d5 2. c4 e6 3. Nc3 Nf6 4. cxd5 exd5 5. Bg5 Be7 6. e3 O-O 7. Bd3 Nbd7 8. Nge2 Re8 9. O-O c6 10. h3 h6
11. Bf4 Nb6 12. Ng3 Be6 13. b3 g5 14. Be5 Nfd7 15. f4 Bb4 16. Rc1 f6 17. Qh5 Qe7 18. Qg6+ Qg7 19. Qxg7+ Kxg7 20. Nh5+ Kg8
21. Nxf6+ Nxf6 22. Bxf6 Bxh3 23. gxh3 Rxe3 24. Rfd1 gxf4 25. Kh2 Rf8 26. Bh4 Re6 27. Rg1+ Kh8 28. Rce1 Rxe1 29. Bxe1 f3 30. Bg3 Nd7
31. Nd1 Bd2 32. Bg6 Ba5 33. Ne3 Bb6 34. Rd1 Kg8 35. h4 Kg7 36. h5 Kf6 37. Bf4 Ke6 38. Bxh6 Rg8 39. Ng4
1-0

[Event "Le Roi des Fous"]
[Site "SchemingMind.com"]
[Date "2006.05.26"]
[Round "-"]
[White "doodledandy"]
[Black "chesshub"]
[Result "1/2-1/2"]
[WhiteCountry "CAN"]
[BlackCountry "FRA"]
[WhiteElo "2466"]
[WhiteRD "80"]
[BlackElo "2338"]
[BlackRD "72"]
[GameID "52595"]

1. d4 Nf6 2. c4 e6 3. Nf3 b6 4. g3 Ba6 5. b3 Bb4+ 6. Bd2 Be7 7. Bg2 O-O 8. O-O d5 9. Ne5 c6 10. Qc2 dxc4
11. bxc4 Qxd4 12. Bc3 Qd6 13. Nd2 Nfd7 14. Nd3 Qc7 15. Rad1 Bb7 16. Ne4 f5 17. Nd2 Na6 18. e4 Nac5 19. exf5 Nxd3 20. Qxd3 exf5
21. Nb3 Nc5 22. Qc2 f4 23. Rfe1 fxg3 24. hxg3 Nxb3 25. Be5 Qc8 26. axb3 Rf7 27. Bf4 c5 28. Bd5 Bxd5 29. cxd5 Bf6 30. d6 Qd7
31. Qc4 Rf8 32. Be5 Bd8 33. f4 b5 34. Qd5 Qh3 35. Kf2 Bb6 36. Rh1 Qg4 37. Qe4 h6 38. Kg2 Rd8 39. Rb1 Qe6 40. Rhd1 Qd7
41. Rb2 a5 42. Re2 Qb7 43. Kf3 Qd7 44. Qd5 h5 45. Kg2 h4 46. Rh1 c4 47. Rxh4 Qb7 48. Qxb7 Rxb7 49. bxc4 Bc5 50. cxb5 Bxd6
51. Bxd6 Rxd6 52. Rh5 Rdb6 53. Ra2 Rxb5 54. Rxa5 Rxh5 55. Rxh5 Kf7 56. Kf3 Kf6 57. Kg4 g6 58. Rh8 Rb1 59. Rf8+ Kg7 60. Rd8 Kf7
61. Rd5 Rg1 62. Rd3 Rb1 63. Rd5 Rg1= 64. Ra5 Kf6 65. Rc5 Kf7 66. Rc7+ Kf6 67. Rc6+ Kf7 68. Rb6 Ra1 69. Rb5 Kf6 70. Rb6+ Kf7=
1/2-1/2

[Event "Le Roi des Fous"]
[Site "SchemingMind.com"]
[Date "2006.05.27"]
[Round "-"]
[White "dmichael"]
[Black "doodledandy"]
[Result "1/2-1/2"]
[WhiteCountry "USA"]
[BlackCountry "CAN"]
[WhiteElo "2289"]
[WhiteRD "82"]
[BlackElo "2379"]
[BlackRD "76"]
[GameID "52596"]

1. d4 Nf6 2. c4 e6 3. g3 d5 4. Nf3 dxc4 5. Bg2 a6 6. O-O Nc6 7. e3 Nd5 8. Qe2 Bd7 9. Qxc4 Na5 10. Qc2 Nb4
11. Qc3 Nd5 12. Qc2 Nb4 13. Qc3 Nd5 14. Qc2 Nb4=
1/2-1/2